Seleções de futebol com mais tempo de jejum de títulos por competição - Statistics

Estatísticas Gerais
  • Esse quiz foi jogado 98 vezes
  • A pontuação média é 13 de 22
Estatísticas das Respostas
Resposta % Correto
Grã-Bretanha
99%
Inglaterra
99%
Itália
99%
Uruguai
95%
Estados Unidos
79%
México
77%
Peru
77%
Bolívia
76%
Rússia / União Soviética
76%
Canadá
72%
Países Baixos
72%
Paraguai
71%
Nova Zelândia
59%
República Tcheca / Tchecoslováquia
55%
Coréia do Sul
48%
Irã
44%
Bélgica
36%
Taiti
30%
Congo
29%
Sudão
22%
Etiópia
19%
Kuwait
13%
Nenhum quiz correspondente encontrado
Distribuição das Pontuações
Porcentagem de Pessoas com Cada Pontuação
Percentil de Números Respondidos
Sua Pontuação Histórica
Você não jogou esse quiz